00474pab a2200157 454500008004000000100003200040245008500072260000900157300001400166362000800180650001800188650002600206650003300232650002500265773002600290180718b2002 xxu||||| |||| 00| 0 eng d aMurthy, Sita Vanka N. Linga aGender inequalities in the wages of agricultural labourers - a micro level study c2002 ap.333-38. aAug aWages - India aWomen workers - India aAgricultural workers - India aAgricultural workers aAsian Economic Review